[Event "ch-RUS Rapid w 2016"]
[Site "Sochi RUS"]
[Date "2016.10.02"]
[Round "1.2"]
[White "Semenova, Elena1"]
[Black "Bodnaruk, Anastasia"]
[Result "1/2-1/2"]
[WhiteTitle "WIM"]
[BlackTitle "IM"]
[WhiteElo "2256"]
[BlackElo "2463"]
[WhiteFideId "24125148"]
[BlackFideId "4181751"]
[EventDate "2016.10.02"]

1. e4 d6 2. d4 g6 3. Nc3 Bg7 4. f4 Nf6 5. Nf3 O-O 6. Bd3 Na6 7. O-O c5 8. d5 Bg4
9. h3 Bxf3 10. Qxf3 Nb4 11. a3 Nxd3 12. Qxd3 Nd7 13. Bd2 Rc8 14. Rab1 c4 15. Qf3
b5 16. Ne2 e6 17. Bc3 exd5 18. exd5 Qb6+ 19. Qf2 Rce8 20. Bxg7 Kxg7 21. Qxb6
Nxb6 22. Nc3 a6 23. Rfe1 f5 24. Kf2 Kf7 25. g3 Rxe1 26. Rxe1 Rc8 27. Ke3 Re8+
28. Kd2 Rb8 29. Re6 Rd8 30. Re2 Nd7 31. Ke3 Rb8 32. Kd4 Nc5 33. Na2 a5 34. Re3
h5 35. h4 Rb6 36. b4 cxb3 37. cxb3 a4 38. b4 Ne4 39. Nc3 Nd2 40. Rd3 Nb3+ 41.
Ke3 Rb8 42. Kf2 Rb7 43. Kf3 Ke7 44. Re3+ Kd7 45. Ke2 Rb8 46. Kd3 Nc1+ 47. Kc2
Nb3 48. Kd3 Nc1+ 49. Kc2 Nb3 50. Kd3 Nc1+ 51. Kc2 Nb3 52. Kd3 Nc1+ 1/2-1/2

[Event "ch-RUS Rapid w 2016"]
[Site "Sochi RUS"]
[Date "2016.10.02"]
[Round "1.3"]
[White "Pogonina, Natalija"]
[Black "Sazonova, Anastasia"]
[Result "0-1"]
[WhiteTitle "WGM"]
[BlackTitle "WFM"]
[WhiteElo "2484"]
[BlackElo "2115"]
[WhiteFideId "4147855"]
[BlackFideId "24131008"]
[EventDate "2016.10.02"]

1. d4 d5 2. c4 c6 3. e3 Nf6 4. Nc3 Bf5 5. cxd5 cxd5 6. Qb3 Nc6 7. Qxb7 Bd7 8.
Nb5 Rc8 9. a3 Na5 10. Qxa7 Nb3 11. Rb1 Bf5 12. Nc3 Bxb1 13. Qa4+ Nd7 14. Qxb3 e6
15. Nf3 Bd6 16. Bd2 Bg6 17. Bb5 O-O 18. O-O Nb6 19. a4 Nc4 20. Bc1 Rb8 21. Qd1
Bh5 22. h3 Bc7 23. b3 Nd6 24. Be2 Qc8 25. Ba3 Rd8 26. Bc5 Ba5 27. Nb5 Ne4 28. b4
Bb6 29. Ne5 Bxe2 30. Qxe2 f6 31. Nd3 e5 32. Bxb6 Rxb6 33. dxe5 fxe5 34. Nxe5 Rh6
35. Nd4 Rf8 36. b5 Qc7 37. Ndc6 Rhf6 38. Ng4 Rg6 39. Qd3 Qd6 40. Nce5 Re6 41.
Nf3 h5 42. Ngh2 Rg6 43. Rd1 Rd8 44. Nh4 Rf6 45. N4f3 Rg6 46. Nf1 Qf6 47. Qd4
Qxf3 0-1

[Event "ch-RUS Rapid w 2016"]
[Site "Sochi RUS"]
[Date "2016.10.02"]
[Round "1.4"]
[White "Markelova, Lubov"]
[Black "Pustovoitova, Daria"]
[Result "1/2-1/2"]
[WhiteTitle "WFM"]
[BlackTitle "FM"]
[WhiteElo "2133"]
[BlackElo "2386"]
[WhiteFideId "24131369"]
[BlackFideId "4182146"]
[EventDate "2016.10.02"]

1. Nf3 d5 2. d4 Nf6 3. c4 c6 4. cxd5 cxd5 5. Nc3 Nc6 6. Bf4 a6 7. Rc1 e6 8. e3
Bb4 9. Bd3 Bd7 10. a3 Be7 11. Ne5 O-O 12. O-O Nxe5 13. Bxe5 Qb6 14. Qe2 Rfc8 15.
Rc2 Bd6 16. Bxf6 gxf6 17. Qg4+ Kh8 18. Qh4 f5 19. Qf6+ Kg8 20. Qg5+ Kf8 21. Qh6+
Kg8 22. Qg5+ Kh8 23. Qf6+ Kg8 24. Qg5+ Kh8 25. Qf6+ 1/2-1/2

[Event "ch-RUS Rapid w 2016"]
[Site "Sochi RUS"]
[Date "2016.10.02"]
[Round "1.5"]
[White "Galliamova, Alisa"]
[Black "Petrukhina, Olga"]
[Result "1-0"]
[WhiteTitle "IM"]
[BlackTitle "WFM"]
[WhiteElo "2450"]
[BlackElo "2084"]
[WhiteFideId "4129725"]
[BlackFideId "13703935"]
[EventDate "2016.10.02"]

1. d4 d5 2. c4 c6 3. Nf3 Nf6 4. e3 e6 5. Bd3 Nbd7 6. O-O Bd6 7. Nbd2 O-O 8. e4
e5 9. cxd5 cxd5 10. exd5 exd4 11. Nxd4 Ne5 12. Ne4 Nxd3 13. Nxf6+ Qxf6 14. Qxd3
Bg4 15. Nb5 Be5 16. Nc3 Rad8 17. Be3 Bf5 18. Qd2 Qg6 19. f4 Bb8 20. Qf2 Rfe8 21.
Bxa7 Bxa7 22. Qxa7 Be4 23. Rf2 Bxd5 24. Nxd5 Rxd5 25. Qxb7 Red8 26. Raf1 h5 27.
Qe7 Rd1 28. Qe3 Qb1 29. h3 Rxf1+ 30. Rxf1 Qxb2 31. a4 Rd2 32. Qe8+ Kh7 33. Qe4+
Kg8 34. a5 Qa2 35. Qa8+ Kh7 36. a6 Rd5 37. Qb7 Ra5 38. Qe4+ f5 39. Qf3 Kh6 40.
Qc6+ Kh7 41. Qe8 g6 42. Re1 Qg8 43. Re7+ Kh8 44. Qd7 Rxa6 45. Qd4+ 1-0

[Event "ch-RUS Rapid w 2016"]
[Site "Sochi RUS"]
[Date "2016.10.02"]
[Round "1.6"]
[White "Kostrikina, Anna"]
[Black "Nechaeva, Marina"]
[Result "0-1"]
[WhiteTitle "WFM"]
[BlackTitle "IM"]
[WhiteElo "2161"]
[BlackElo "2428"]
[WhiteFideId "4176219"]
[BlackFideId "4149351"]
[EventDate "2016.10.02"]

1. e4 c6 2. d4 d5 3. exd5 cxd5 4. c3 Nc6 5. Nf3 Bf5 6. Bf4 e6 7. Bd3 Bxd3 8.
Qxd3 Nf6 9. O-O Be7 10. Nbd2 O-O 11. h3 Rc8 12. Rfe1 Nd7 13. Ne5 Ndxe5 14. Bxe5
Nxe5 15. Rxe5 Bd6 16. Re2 b5 17. a3 Qc7 18. Nf3 Qc4 19. Qe3 Bf4 20. Ne5 Bxe3 21.
Nxc4 Bxf2+ 22. Rxf2 bxc4 23. Re1 Rc6 24. Re3 Rb8 25. Kf1 f6 26. Ke1 Kf7 27. Kd1
h5 28. g3 Rcb6 29. Kc1 Re8 30. Re1 Rb7 31. Kc2 a5 32. Kc1 a4 33. Kc2 Rbe7 34.
Rd1 Rh8 35. Re1 Rh6 36. Rf3 Rg6 37. Re2 Rg5 38. Kd2 Rf5 39. Rxf5 exf5 40. Rxe7+
Kxe7 41. h4 f4 42. gxf4 Ke6 43. Ke3 Kf5 44. Kf3 g6 0-1

[Event "ch-RUS Rapid w 2016"]
[Site "Sochi RUS"]
[Date "2016.10.02"]
[Round "1.7"]
[White "Goryachkina, Aleksandra"]
[Black "Potapova, Margarita"]
[Result "1-0"]
[WhiteTitle "WGM"]
[BlackTitle "WFM"]
[WhiteElo "2460"]
[BlackElo "2060"]
[WhiteFideId "4147103"]
[BlackFideId "14126869"]
[EventDate "2016.10.02"]

1. d4 d6 2. Nf3 Nd7 3. c4 e5 4. Nc3 c6 5. e4 Ngf6 6. Be2 Be7 7. O-O O-O 8. Be3
Qc7 9. Rc1 a6 10. h3 Re8 11. d5 g6 12. Ne1 Qa5 13. Nd3 c5 14. a3 Qc7 15. f4 Kg7
16. fxe5 Nxe5 17. Nxe5 dxe5 18. Qd2 Qd6 19. Bd3 Nh5 20. Ne2 Bh4 21. b4 b6 22.
bxc5 bxc5 23. Qa5 Be7 24. Rb1 f5 25. exf5 Bd8 26. Qxc5 Qxc5 27. Bxc5 e4 28. Bc2
gxf5 29. Be3 Bf6 30. c5 Rd8 31. d6 a5 32. Ba4 Ba6 33. Bb5 Bc8 34. Bc4 Kg6 35. g3
Bd7 36. Nf4+ Nxf4 37. gxf4 Kh5 38. Rb7 Kh6 39. Rfb1 a4 40. Rc7 Rac8 41. Rbb7
Rxc7 42. Rxc7 Be8 43. Be6 Bg6 44. Rc8 Rxc8 45. Bxc8 Be8 46. Bxf5 Bc6 47. Kf2 Kg7
48. Ke2 Kf7 49. Bxh7 Bb2 50. f5 Bxa3 51. Bg6+ Kg7 52. Bd4+ Kh6 53. Bf7 Bc1 54.
Kd1 Bg5 55. Be6 e3 56. d7 Bf3+ 57. Kc2 e2 58. Bc3 Bf6 59. Be1 a3 60. Kb3 Be7 61.
h4 Bc6 62. f6 Bxf6 63. Kxa3 Be7 64. Kb4 Kg6 65. Ka5 Bd8+ 66. Kb4 Kf6 67. Bg4 Ke5
68. h5 Kf4 69. Bxe2 Bxd7 70. Bd2+ Ke5 71. Bd3 Kd4 72. Bg6 Be6 73. h6 Bg8 74. h7
Bxh7 75. Bxh7 Be7 76. Bc3+ Kd5 77. Bg8+ Kc6 78. Bd4 Bg5 79. Kc4 Bf4 80. Bd5+ Kd7
81. Kb5 Bg3 82. Bc3 Bc7 83. Ba5 1-0

[Event "ch-RUS Rapid w 2016"]
[Site "Sochi RUS"]
[Date "2016.10.02"]
[Round "1.8"]
[White "Gorovenko, Darya"]
[Black "Vasilevich, Tatjana"]
[Result "1-0"]
[WhiteTitle "WFM"]
[BlackTitle "IM"]
[WhiteElo "2060"]
[BlackElo "2372"]
[WhiteFideId "24173800"]
[BlackFideId "14101610"]
[EventDate "2016.10.02"]

1. d4 Nf6 2. c4 e6 3. Nf3 Bb4+ 4. Bd2 a5 5. g3 b6 6. Bg2 Bb7 7. O-O Bxd2 8.
Nbxd2 d6 9. Qc2 Nbd7 10. Rad1 O-O 11. b3 Qe7 12. e4 e5 13. d5 Nc5 14. a3 Bc8 15.
b4 axb4 16. axb4 Na4 17. Ra1 Bd7 18. Nb3 Nh5 19. c5 bxc5 20. bxc5 Rfb8 21. Rfc1
Rb4 22. Nfd2 Rab8 23. cxd6 cxd6 24. Bf1 Nf6 25. Ba6 Ne8 26. Na5 Rb2 27. Nc6 Bxc6
28. Qxc6 Nc5 29. Nc4 R2b4 30. Re1 Nxa6 31. Rxa6 Rd8 32. Rea1 Rb7 33. Na5 Rc7 34.
Qa4 Rdc8 35. Nc6 Qg5 36. Ra8 f5 37. exf5 Qxf5 38. Rxc8 Qxc8 39. Qa8 Kf7 40. Qa2
Nf6 41. Nxe5+ Kg8 42. Nc6 Qf5 43. Qa5 Rd7 44. Re1 Nxd5 45. Nb4 Ne7 46. Qa8+ Kf7
47. Qa2+ Kf8 48. Rd1 d5 49. Qa8+ Kf7 50. Qa2 g6 51. Qd2 Kg7 52. Qd4+ Qf6 53. Kf1
Qxd4 54. Rxd4 Kf6 55. Ke2 Ke6 56. g4 Ra7 57. f3 Ra3 58. Nc2 Ra2 59. Kd3 Nc6 60.
Rf4 Rb2 61. h4 Rb1 62. Nd4+ Nxd4 63. Kxd4 Rb4+ 64. Ke3 Rb3+ 65. Kd4 Rb8 66. Kd3
Rb3+ 67. Kd4 Rb4+ 68. Ke3 Rb3+ 69. Kd4 Rb8 70. Kd3 Rb3+ 71. Kd4 Rb8 72. Kd3 Rc8
73. Ra4 Rc7 74. Kd4 Rc6 75. Rb4 Ra6 76. Ke3 Ke5 77. f4+ Kd6 78. Kd4 Kc6 79. Ke5 1-0

[Event "ch-RUS Rapid w 2016"]
[Site "Sochi RUS"]
[Date "2016.10.02"]
[Round "1.9"]
[White "Kovanova, Baira"]
[Black "Rozhko, Mariya"]
[Result "1-0"]
[WhiteTitle "WGM"]
[BlackTitle "WFM"]
[WhiteElo "2382"]
[BlackElo "2099"]
[WhiteFideId "4164083"]
[BlackFideId "4171314"]
[EventDate "2016.10.02"]

1. e4 d6 2. d4 Nf6 3. Nc3 g6 4. Nf3 Bg7 5. Bd3 c6 6. Be3 Nbd7 7. h3 e5 8. Qd2 h5
9. O-O O-O 10. Rad1 Re8 11. Rfe1 Qc7 12. Bh6 Nf8 13. d5 cxd5 14. exd5 Bd7 15.
Bxg7 Kxg7 16. Ng5 a6 17. Nce4 Nxd5 18. Bf1 Nf4 19. Nxd6 Re7 20. g3 N4e6 21. Rxe5
f6 22. Nxe6+ Nxe6 23. Re3 Bc6 24. Rde1 Bd7 25. Bc4 1-0

[Event "ch-RUS Rapid w 2016"]
[Site "Sochi RUS"]
[Date "2016.10.02"]
[Round "1.10"]
[White "Nosacheva, Mariya"]
[Black "Girya, Olga"]
[Result "0-1"]
[BlackTitle "WGM"]
[WhiteElo "2047"]
[BlackElo "2446"]
[WhiteFideId "34111422"]
[BlackFideId "4195752"]
[EventDate "2016.10.02"]

1. e4 c6 2. d4 d5 3. exd5 cxd5 4. c4 Nf6 5. Nc3 Nc6 6. Nf3 a6 7. a3 g6 8. cxd5
Nxd5 9. Bc4 Be6 10. Ba2 Nxc3 11. bxc3 Bxa2 12. Rxa2 Bg7 13. Qb3 b5 14. O-O O-O
15. Bg5 Na5 16. Qb4 Qd5 17. Re2 Nc6 18. Qb2 e5 19. Be7 Nxe7 20. Nxe5 Nc6 21. Ng4
Rfe8 22. Ne3 Qd7 23. a4 b4 24. d5 Ne5 25. Qxb4 Rac8 26. Rfe1 Nd3 0-1

[Event "ch-RUS Rapid w 2016"]
[Site "Sochi RUS"]
[Date "2016.10.02"]
[Round "1.11"]
[White "Ambartsumova, Karina"]
[Black "Pavlova, Natalia"]
[Result "1-0"]
[WhiteTitle "WGM"]
[WhiteElo "2280"]
[BlackElo "1990"]
[WhiteFideId "4166299"]
[BlackFideId "24135615"]
[EventDate "2016.10.02"]

1. e4 c5 2. Nf3 Nc6 3. Bb5 g6 4. Bxc6 dxc6 5. d3 Bg7 6. h3 e5 7. Be3 Qe7 8. Qd2
Nf6 9. Bh6 O-O 10. Nc3 Nh5 11. Ne2 f6 12. O-O-O b5 13. Bxg7 Nxg7 14. g4 b4 15.
Rdg1 a5 16. Qe3 a4 17. Nd2 Ba6 18. f4 Ne6 19. f5 Nd4 20. g5 Nxe2+ 21. Qxe2 Rf7
22. gxf6 Qxf6 23. h4 Kh8 24. fxg6 hxg6 25. Qe3 Rh7 26. Qxc5 Rxh4 27. Rxh4+ Qxh4
28. Qxe5+ 1-0

[Event "ch-RUS Rapid w 2016"]
[Site "Sochi RUS"]
[Date "2016.10.02"]
[Round "1.13"]
[White "Charochkina, Daria"]
[Black "Abramova, Yulia"]
[Result "1-0"]
[WhiteTitle "IM"]
[WhiteElo "2366"]
[BlackElo "1969"]
[WhiteFideId "4180917"]
[BlackFideId "24104655"]
[EventDate "2016.10.02"]

1. d4 e6 2. c4 Nf6 3. Nc3 d5 4. cxd5 exd5 5. Bg5 Be7 6. e3 O-O 7. Qc2 b6 8. Bd3
h6 9. Bh4 Bb7 10. Nf3 Nbd7 11. O-O Re8 12. Rad1 Rc8 13. Bf5 Ne4 14. Nxd5 Bxd5
15. Bxe4 Bxa2 16. Bg3 Be6 17. Bb7 c5 18. Bxc8 Qxc8 19. h3 Nf6 20. Qa4 a6 21.
dxc5 bxc5 22. e4 Bd7 23. Qc2 Bc6 24. Nd2 Qb7 25. Rfe1 Rd8 26. f3 Qb4 27. Be5 Nd7
28. Bc3 Qb5 29. e5 Bh4 30. Rf1 c4 31. Qf5 Re8 32. Qg4 Bd8 33. e6 Bb6+ 34. Kh1
Ne5 35. Bxe5 Qxe5 36. exf7+ Kxf7 37. Nxc4 1-0

[Event "ch-RUS Rapid w 2016"]
[Site "Sochi RUS"]
[Date "2016.10.02"]
[Round "1.14"]
[White "Chan, Naruna"]
[Black "Gritsayeva, Oksana"]
[Result "1/2-1/2"]
[BlackTitle "WFM"]
[WhiteElo "1970"]
[BlackElo "2321"]
[WhiteFideId "24124290"]
[BlackFideId "14104652"]
[EventDate "2016.10.02"]

1. e4 c5 2. c3 e6 3. d4 d5 4. exd5 exd5 5. Nf3 Bd6 6. Bd3 Nc6 7. h3 Nf6 8. O-O
O-O 9. dxc5 Bxc5 10. Nbd2 Bb6 11. Nb3 Ne4 12. Qc2 Re8 13. Nbd4 Qf6 14. Be3 Bd7
15. Rfe1 h6 16. Nxc6 bxc6 17. Bxb6 axb6 18. Bxe4 dxe4 19. Rxe4 Bxh3 20. Rae1
Rxe4 21. Qxe4 Bf5 22. Qb4 c5 23. Qb3 g5 24. a3 Rd8 25. Rd1 Re8 26. Re1 Rxe1+ 27.
Nxe1 Qe5 28. Qd1 Kg7 29. Nf3 Qf4 30. Qd2 Qe4 31. Qe1 Qxe1+ 32. Nxe1 Kf6 33. Kf1
Ke5 34. Ke2 Be4 35. g3 h5 36. b3 f5 37. a4 f4 38. b4 cxb4 39. cxb4 fxg3 40. fxg3
Kd4 41. a5 bxa5 42. bxa5 Kc5 43. Ke3 Bb7 44. Nd3+ Kb5 45. Ne5 Kxa5 46. Nf7 h4
47. gxh4 gxh4 48. Kf4 h3 49. Kg3 Bg2 50. Ng5 Kb5 51. Nxh3 Bxh3 52. Kxh3 1/2-1/2

[Event "ch-RUS Rapid w 2016"]
[Site "Sochi RUS"]
[Date "2016.10.02"]
[Round "1.15"]
[White "Ovod, Evgenija"]
[Black "Stepanyan, Eva"]
[Result "1-0"]
[WhiteTitle "IM"]
[BlackTitle "WCM"]
[WhiteElo "2362"]
[BlackElo "1854"]
[WhiteFideId "4131827"]
[BlackFideId "34165980"]
[EventDate "2016.10.02"]

1. d4 Nf6 2. Nf3 e6 3. c4 b6 4. Nc3 Bb7 5. e3 Bb4 6. Bd3 O-O 7. O-O Bxc3 8. bxc3
Ne4 9. Qc2 f5 10. Ne1 d6 11. f3 Nf6 12. e4 fxe4 13. fxe4 e5 14. Nf3 Qe8 15. Bg5
Nbd7 16. Rae1 h6 17. Bc1 Qh5 18. Ba3 Rae8 19. c5 bxc5 20. Qb3+ Bd5 21. exd5 e4
22. Be2 exf3 23. Bxf3 Qg5 24. Bc1 Qg6 25. Re6 Qd3 26. Be2 Qg6 27. Qb7 Rxe6 28.
dxe6 Nb6 29. Qxc7 Qe4 30. e7 Re8 31. Bf3 Qxe7 32. Qxe7 Rxe7 33. dxc5 dxc5 34.
Ba3 Nfd7 35. Kf2 Nc4 36. Bd5+ Kh7 37. Bxc4 Re4 38. Bd3 1-0

[Event "ch-RUS Rapid w 2016"]
[Site "Sochi RUS"]
[Date "2016.10.02"]
[Round "2.2"]
[White "Vasilevich, Irina"]
[Black "Galliamova, Alisa"]
[Result "1-0"]
[WhiteTitle "IM"]
[BlackTitle "IM"]
[WhiteElo "2285"]
[BlackElo "2450"]
[WhiteFideId "4141296"]
[BlackFideId "4129725"]
[EventDate "2016.10.02"]

1. c4 e5 2. Nc3 Nc6 3. g3 g6 4. Bg2 Bg7 5. Rb1 a5 6. a3 Nf6 7. e3 O-O 8. Nge2 d6
9. d3 Be6 10. Nd5 Qd7 11. Nec3 Nh5 12. O-O f5 13. b4 axb4 14. axb4 f4 15. b5 Nd8
16. Ne4 Bh3 17. exf4 Bxg2 18. Kxg2 exf4 19. Nxf4 Nxf4+ 20. Bxf4 Rxf4 21. gxf4
Ne6 22. Qg4 Rf8 23. Kh1 Rxf4 24. Qh3 Qf7 25. Rbe1 Rf3 26. Ng3 Be5 27. Re3 Kg7
28. Nh5+ gxh5 29. Rxf3 Qg6 30. Rg1 Ng5 31. Qd7+ Kh6 32. h4 1-0

[Event "ch-RUS Rapid w 2016"]
[Site "Sochi RUS"]
[Date "2016.10.02"]
[Round "2.3"]
[White "Nechaeva, Marina"]
[Black "Severina, Maria"]
[Result "1-0"]
[WhiteTitle "IM"]
[BlackTitle "WIM"]
[WhiteElo "2428"]
[BlackElo "2232"]
[WhiteFideId "4149351"]
[BlackFideId "4116909"]
[EventDate "2016.10.02"]

1. d4 Nf6 2. c4 e6 3. Nc3 Bb4 4. Qc2 O-O 5. a3 Bxc3+ 6. Qxc3 b6 7. Bg5 Bb7 8. e3
h6 9. Bh4 d6 10. Nf3 Nbd7 11. Nd2 c5 12. dxc5 bxc5 13. Bd3 Ne5 14. Bc2 Ng6 15.
Bxf6 Qxf6 16. Qxf6 gxf6 17. O-O Rfd8 18. Rfd1 Kf8 19. b4 Rac8 20. b5 Ne5 21. h3
Ke7 22. f4 Nd7 23. Kf2 f5 24. a4 Nf6 25. a5 Rg8 26. g3 Nh5 27. Rg1 d5 28. Bd1
Nf6 29. Bf3 Ne4+ 30. Bxe4 fxe4 31. Rac1 d4 32. Nb3 d3 33. g4 f5 34. gxf5 exf5
35. Rxg8 Rxg8 36. Nxc5 Ba8 37. Nb3 a6 38. b6 Kd6 39. Rg1 Rxg1 40. Kxg1 Bc6 41.
Kf2 Ba4 42. Nd2 Bc6 43. Ke1 Kc5 44. Nb3+ Kxc4 45. Nd4 Ba4 46. Kd2 1-0

[Event "ch-RUS Rapid w 2016"]
[Site "Sochi RUS"]
[Date "2016.10.02"]
[Round "2.4"]
[White "Komiagina, Maria"]
[Black "Goryachkina, Aleksandra"]
[Result "0-1"]
[WhiteTitle "WIM"]
[BlackTitle "WGM"]
[WhiteElo "2247"]
[BlackElo "2460"]
[WhiteFideId "4153987"]
[BlackFideId "4147103"]
[EventDate "2016.10.02"]

1. e4 c5 2. Nf3 d6 3. d4 cxd4 4. Nxd4 Nf6 5. Nc3 a6 6. f4 e5 7. Nf3 Qc7 8. a4 b6
9. Bd3 Be7 10. O-O O-O 11. Qe1 Nbd7 12. fxe5 dxe5 13. Bg5 h6 14. Bh4 Bb7 15. Rd1
Rad8 16. Kh1 Nc5 17. Bg3 Nfd7 18. Nd5 Bxd5 19. exd5 Nxd3 20. cxd3 Qb7 21. d4 e4
22. d6 exf3 23. dxe7 fxg2+ 24. Kg1 gxf1=Q+ 25. Qxf1 Nf6 26. exf8=Q+ Rxf8 27. Be5
Nd5 28. Qg2 f6 29. Bf4 Kh8 30. Bd2 Qf7 31. Re1 Rd8 32. Re4 Ne7 33. Bb4 Nc6 34.
Bc3 b5 35. axb5 axb5 36. Rg4 Rd6 37. Qg3 Rd7 38. Qf3 Qd5 39. Qe3 Re7 40. Qf2 Re4
41. Rxe4 Qxe4 42. d5 Qxd5 43. Bxf6 gxf6 44. Qxf6+ Kh7 45. h3 Qg5+ 0-1

[Event "ch-RUS Rapid w 2016"]
[Site "Sochi RUS"]
[Date "2016.10.02"]
[Round "2.5"]
[White "Belenkaya, Dina"]
[Black "Kovanova, Baira"]
[Result "1/2-1/2"]
[WhiteTitle "WFM"]
[BlackTitle "WGM"]
[WhiteElo "2313"]
[BlackElo "2382"]
[WhiteFideId "24142654"]
[BlackFideId "4164083"]
[EventDate "2016.10.02"]

1. e4 e5 2. Nf3 Nc6 3. Nc3 Nf6 4. d4 exd4 5. Nxd4 Bb4 6. Nxc6 bxc6 7. Bd3 O-O 8.
O-O d5 9. exd5 cxd5 10. Bg5 c6 11. Qf3 h6 12. Bxf6 Qxf6 13. Qxf6 gxf6 14. Ne2
Bd6 15. Ng3 Rb8 16. b3 Re8 17. Rad1 Bg4 18. f3 Be6 19. Rfe1 Be5 20. Nf5 Bxf5 21.
Bxf5 Rbd8 22. g3 Bd4+ 23. Kf1 Be3 24. Rd3 d4 25. b4 c5 26. bxc5 Rd5 27. g4 Rxc5
28. Rxd4 Bxd4 29. Rxe8+ Kg7 30. Rd8 Be5 31. Rd2 Ra5 32. c4 Ra3 33. Be4 Rc3 34.
Bd5 Kg6 35. h3 f5 36. Kg2 fxg4 37. hxg4 f6 38. Kf2 h5 39. gxh5+ Kxh5 40. Ke2 Kg5
41. a4 Ra3 42. Bc6 Rc3 43. Bd5 Ra3 44. Bc6 Rc3 45. Bd5 Ra3 46. Bc6 Rc3 47. Bd5
Ra3 48. Bc6 Rc3 1/2-1/2

[Event "ch-RUS Rapid w 2016"]
[Site "Sochi RUS"]
[Date "2016.10.02"]
[Round "2.6"]
[White "Girya, Olga"]
[Black "Makarenko, Alexandra"]
[Result "1/2-1/2"]
[WhiteTitle "WGM"]
[BlackTitle "WFM"]
[WhiteElo "2446"]
[BlackElo "2243"]
[WhiteFideId "4195752"]
[BlackFideId "4165055"]
[EventDate "2016.10.02"]

1. d4 Nf6 2. Nf3 c5 3. d5 e6 4. c4 exd5 5. cxd5 d6 6. e4 g6 7. Bd3 Bg7 8. O-O
O-O 9. h3 b5 10. Re1 c4 11. Bc2 Na6 12. Nd4 Bd7 13. Be3 Re8 14. Nd2 Nc5 15. f3
Nxd5 16. Nxc4 Nxe3 17. Nxe3 Qg5 18. Kh1 Be5 19. Nf1 Qf6 20. Nb3 Nxb3 21. Bxb3
Bxb2 22. Rb1 Be5 23. Re2 Rac8 24. Ne3 Qf4 25. Qg1 Qg3 26. Nd5 Kg7 27. f4 Bxf4
28. Nxf4 Qxf4 29. Rf2 Qxe4 30. Rxf7+ Kh8 31. Rxd7 Rc3 32. Kh2 Qf4+ 33. Kh1 Qe4
34. Kh2 Qf4+ 35. Kh1 Qe4 36. Kh2 1/2-1/2

[Event "ch-RUS Rapid w 2016"]
[Site "Sochi RUS"]
[Date "2016.10.02"]
[Round "2.7"]
[White "Gvanceladze, Anna"]
[Black "Ambartsumova, Karina"]
[Result "1-0"]
[WhiteTitle "WFM"]
[BlackTitle "WGM"]
[WhiteElo "2223"]
[BlackElo "2280"]
[WhiteFideId "4113721"]
[BlackFideId "4166299"]
[EventDate "2016.10.02"]

1. d4 Nf6 2. Nf3 g6 3. Bf4 Bg7 4. e3 O-O 5. h3 d6 6. Be2 Nbd7 7. O-O Qe8 8. Bh2
e5 9. c3 Qe7 10. Nbd2 Re8 11. Nc4 e4 12. Nfd2 d5 13. Na3 c6 14. c4 Nb6 15. cxd5
Nfxd5 16. Nac4 Nxc4 17. Nxc4 Rd8 18. Qb3 Bf5 19. Na5 Rd7 20. Rac1 h5 21. a3 h4
22. Kh1 Bf6 23. Qa4 Kg7 24. b4 a6 25. Qb3 g5 26. Nc4 Rdd8 27. Be5 Bxe5 28. Nxe5
f6 29. Nc4 Qe6 30. Qd1 Bg6 31. Na5 Rd7 32. Bh5 Bf5 33. Bg4 Bxg4 34. Qxg4 Qxg4
35. hxg4 Kg6 36. Rc2 Rf8 37. Rb1 f5 38. Nc4 Re7 39. gxf5+ Rxf5 40. a4 g4 41. Kh2
Kg5 42. b5 axb5 43. axb5 cxb5 44. Nd6 Rxf2 45. Rxf2 g3+ 46. Kg1 gxf2+ 47. Kxf2
b4 48. Rc1 b6 49. Rc8 b3 50. Rc1 Nb4 51. Rb1 Nd3+ 52. Ke2 b2 53. Nxe4+ Rxe4 54.
Kxd3 Re6 55. Rxb2 Kf5 56. Rf2+ Kg4 57. Rf8 Rg6 58. e4 Kg3 59. Rh8 Rg4 60. e5
Kxg2 61. e6 Rg6 62. e7 1-0

[Event "ch-RUS Rapid w 2016"]
[Site "Sochi RUS"]
[Date "2016.10.02"]
[Round "2.8"]
[White "Kovalevskaya, Ekaterina"]
[Black "Shaydullina, Sandugach"]
[Result "1-0"]
[WhiteTitle "IM"]
[BlackTitle "WGM"]
[WhiteElo "2437"]
[BlackElo "2142"]
[WhiteFideId "4116704"]
[BlackFideId "4140389"]
[EventDate "2016.10.02"]

1. Nf3 d5 2. c4 e6 3. e3 c5 4. d4 Nc6 5. Nc3 dxc4 6. Bxc4 cxd4 7. exd4 Nf6 8.
O-O Be7 9. Be3 O-O 10. a3 Qc7 11. Rc1 Rd8 12. Qe2 a6 13. Rfd1 Nd5 14. Ba2 Nxc3
15. Rxc3 Qa5 16. Bb1 g6 17. Be4 Na7 18. Ne5 Nb5 19. Rcc1 Nd6 20. Bf3 Bf6 21. Bf4
Qb5 22. Qc2 Nf5 23. Qc7 Qe8 24. Ng4 Be7 25. Be5 Rd7 26. Qb6 Qd8 27. Qxd8+ Rxd8
28. Rc7 Bd6 29. Nf6+ Kf8 30. Nxh7+ Kg8 31. Nf6+ Kf8 32. Rcc1 Rb8 33. Ne4 Bxe5
34. dxe5 Bd7 35. Nc5 Ke7 36. Nxb7 Rdc8 37. b4 Ba4 38. Nd6 Nxd6 39. exd6+ Kd7 40.
Re1 Kxd6 41. h4 Bc2 42. g4 Rc3 43. Re3 Rc7 44. Bd1 Rbc8 45. Bxc2 Rxc2 46. Rd3+
Ke7 47. Rxc2 Rxc2 48. Kg2 Rc4 49. Kg3 a5 50. Rb3 a4 51. Rd3 e5 52. f3 f5 53.
gxf5 gxf5 54. h5 Kf6 55. h6 Kg6 56. Rd6+ Kh7 57. Re6 e4 58. fxe4 fxe4 59. Kf4
Rc3 60. Kxe4 Rxa3 61. Kd4 Ra1 62. Kc3 a3 63. Kb3 a2 64. Rb6 Kg8 65. Kb2 Rh1 66.
Kxa2 Kf7 67. Kb3 Ke7 68. Ka4 Kd7 69. Rg6 Rh5 70. b5 Kc7 71. Ka5 Rh1 72. Rg7+ Kd6
73. h7 Kc5 74. Rc7+ Kd6 75. Kb6 Rh5 76. Rg7 Rh6 77. Rg6+ Rxg6 78. h8=Q Kd5+ 79.
Ka5 Rd6 80. Qc8 Kd4 81. b6 Rd5+ 82. Ka6 Rd6 83. Ka7 1-0

[Event "ch-RUS Rapid w 2016"]
[Site "Sochi RUS"]
[Date "2016.10.02"]
[Round "2.9"]
[White "Sazonova, Anastasia"]
[Black "Charochkina, Daria"]
[Result "0-1"]
[WhiteTitle "WFM"]
[BlackTitle "IM"]
[WhiteElo "2115"]
[BlackElo "2366"]
[WhiteFideId "24131008"]
[BlackFideId "4180917"]
[EventDate "2016.10.02"]

1. d4 d5 2. c4 c6 3. Nf3 Nf6 4. Nbd2 g6 5. b3 Bg7 6. Bb2 O-O 7. e3 a5 8. a3 Ne4
9. Be2 Bg4 10. O-O Nxd2 11. Qxd2 a4 12. Qb4 Nd7 13. cxd5 cxd5 14. Rac1 axb3 15.
Qxb3 Nb6 16. Bc3 Nc4 17. Bxc4 dxc4 18. Qxb7 Rxa3 19. Bb4 Rb3 20. Qxe7 Bxf3 21.
gxf3 Qa8 22. Rxc4 Qxf3 23. Bd6 h5 24. Qg5 Re8 25. Qg2 Qe2 26. Rfc1 Rb2 27. Rc8
Rxc8 28. Rxc8+ Kh7 29. Rc1 Qd2 30. Rf1 Rb5 31. Qf3 Rf5 32. Qe4 Qe2 33. Bg3 Rg5
34. h4 Rg4 35. Qd5 f6 36. Qe6 Qf3 37. d5 g5 38. d6 gxh4 39. d7 hxg3 40. Qxg4
gxf2+ 41. Kh2 hxg4 42. d8=Q Qh3# 0-1